|
|
|
|
| LEADER |
01056nam a2200301 a 4500 |
| 001 |
000545641 |
| 003 |
CZ BrMZK |
| 005 |
20070920102621.0 |
| 007 |
ta |
| 008 |
860924s1986 xr f 000 m cze d |
| 015 |
|
|
|a cnb000014407
|
| 020 |
|
|
|q (Brož.)
|
| 035 |
|
|
|a (OCoLC)39424679
|
| 040 |
|
|
|a BOA001
|b cze
|
| 080 |
9 |
|
|a 620.9.001.7
|
| 100 |
1 |
|
|a Chaloupka, Jindřich
|7 jx20040727021
|4 aut
|
| 245 |
1 |
0 |
|a Globální prognózy energetických zdrojů :
|b prognostická studie /
|c vypracoval Jindřich Chaloupka
|
| 260 |
|
|
|a Praha :
|b ÚVTEI,
|c 1986
|
| 300 |
|
|
|a 59 s. :
|b tb. ;
|c 29 cm
|
| 490 |
1 |
|
|a Publikace SIVO ;
|v 2093
|
| 504 |
|
|
|a Obsahuje bibliografii
|
| 830 |
|
0 |
|a Publikace SIVO
|
| 910 |
|
|
|a BOA001
|b 4-0905.120
|b TK-A-0229.158
|
| 920 |
|
|
|a 000244939
|
| 964 |
|
|
|a Zdroje energetické - r. 1970-2010 - studie prognostické
|
| 990 |
|
|
|a BK
|
| 996 |
7 |
|
|b 2619720775
|c 4-0905.120
|l MZK
|r Sklad / do 1 hodiny
|n 4
|w 000545641
|u 000010
|a 1
|e BOA001
|j MZK50
|s A
|
| 996 |
7 |
|
|b 2629999096
|c TK-A-0229.158
|l MZK
|r Sklad / do 24 hodin
|n 0
|w 000545641
|u 000020
|a 1
|e BOA001
|j MZK50
|s A
|